000 00347nam a2200145Ia 4500
008 240624s9999 xx 000 0 und d
041 _aeng
082 _a658.8 TAD
100 _aTADAJEWSKI MARK
245 _aPHILOSOPHY OF MARKETING
260 _c2014
_aLondon
_bSage
300 _axxxv, : 407 : p. : cm. ; 24
365 _cGBP
_b50
440 _v1
999 _c27295
_d27295